[Event "Jack Woodbury mem."]
[Site "Winnipeg CAN"]
[Date "2018.12.04"]
[Round "5.1"]
[White "Baron, Gustav"]
[Black "Wiebe, Isaac"]
[Result "1-0"]
[WhiteElo "2254"]
[BlackElo "2303"]
[PlyCount "104"]
[EventDate "2018.11.06"]
[EventType "swiss"]
[EventRounds "7"]
[EventCountry "CAN"]

1. Nf3 d5 2. c4 d4 3. d3 c5 4. g3 Nc6 5. Bg2 e5 6. Nbd2 Nf6 7. b4 cxb4 8. a3
bxa3 9. O-O Be7 10. Bxa3 Bxa3 11. Rxa3 O-O 12. Qa4 Bd7 13. Rb1 Rb8 14. Qb5 Qc7
15. h3 Rfe8 16. Ng5 Bf5 17. Nge4 Nd7 18. g4 Be6 19. Nc5 a6 20. Nxa6 bxa6 21.
Qxc6 Qxc6 22. Bxc6 Rxb1+ 23. Nxb1 Rb8 24. Nd2 h5 25. Bf3 Rb2 26. Ne4 Rb6 27.
Kg2 hxg4 28. hxg4 Nb8 29. Ra5 f6 30. Ng3 Kf7 31. Ne4 Ke7 32. Nc5 Bc8 33. Na4
Rb4 34. c5 Rb5 35. Rxb5 axb5 36. Nb6 Be6 37. Bb7 Kd8 38. c6 b4 39. Na8 Bd5+ 40.
f3 Bxc6 41. Bxc6 Nxc6 42. Nb6 Kc7 43. Nc4 Ne7 44. Kf1 Nd5 45. Ke1 Kc6 46. Kd2
Kc5 47. g5 Nb6 48. Nb2 fxg5 49. Kc2 Nd5 50. Nc4 Ne3+ 51. Nxe3 dxe3 52. Kb2 Kb5
1-0

[Event "Jack Woodbury mem."]
[Site "Winnipeg CAN"]
[Date "2018.12.04"]
[Round "5.2"]
[White "Abioye, Yemi"]
[Black "Wolchock, Theo"]
[Result "1/2-1/2"]
[WhiteElo "1886"]
[BlackElo "2172"]
[PlyCount "132"]
[EventDate "2018.11.06"]
[EventType "swiss"]
[EventRounds "7"]
[EventCountry "CAN"]

1. e4 c5 2. Nf3 g6 3. d4 cxd4 4. Nxd4 Nc6 5. Nc3 Bg7 6. Be3 Nf6 7. f3 O-O 8.
Qd2 d5 9. exd5 Nxd5 10. Nxc6 bxc6 11. Nxd5 cxd5 12. c3 Qa5 13. Bd3 Rb8 14. O-O
d4 15. cxd4 Qxd2 16. Bxd2 Bxd4+ 17. Kh1 Rxb2 18. Bh6 Bg7 19. Bxg7 Kxg7 20. Bc4
Bf5 21. Rfe1 Rc8 22. Bb3 Rc7 23. Kg1 Kf6 24. Rad1 Rd7 25. Rxd7 Bxd7 26. Re4 e6
27. Rc4 Bb5 28. Rc7 a6 29. Rb7 Bc4 30. Rb4 Bxb3 31. axb3 a5 32. Ra4 Rxb3 33.
Rxa5 Rb2 34. Ra7 h6 35. h3 g5 36. Kh2 Kg6 37. Ra6 Rd2 38. Ra4 f5 39. Kg1 Kf6
40. Kf1 Rb2 41. Ra5 Kg6 42. Ra6 Kf6 43. Ra5 Rc2 44. Rb5 Ra2 45. Rc5 Kg6 46. Rc6
Kf6 47. Rc5 h5 48. Rb5 Rc2 49. Ra5 Rb2 50. Rc5 Ra2 51. Rb5 g4 52. hxg4 hxg4 53.
fxg4 fxg4 54. g3 Rc2 55. Rb4 Kf5 56. Rf4+ Kg5 57. Re4 Kf5 58. Rf4+ Kg5 59. Re4
Rc3 60. Kg2 Rc6 61. Re5+ Kf6 62. Re4 Kf5 63. Rf4+ Kg5 64. Re4 Rc2+ 65. Kf1 Rc3
66. Kg2 Rc6 1/2-1/2

[Event "Jack Woodbury mem."]
[Site "Winnipeg CAN"]
[Date "2018.12.04"]
[Round "5.4"]
[White "Babb, Jeff"]
[Black "Letain, Cory"]
[Result "1-0"]
[WhiteElo "2165"]
[BlackElo "1691"]
[PlyCount "77"]
[EventDate "2018.11.06"]
[EventType "swiss"]
[EventRounds "7"]
[EventCountry "CAN"]

1. e4 e5 2. Nc3 Nf6 3. f4 d5 4. fxe5 Nxe4 5. d3 Nxc3 6. bxc3 c5 7. Nf3 Nc6 8.
Be2 Be7 9. O-O O-O 10. Qe1 Bf5 11. Qg3 Bg6 12. Rb1 Rb8 13. Bf4 b6 14. e6 Rc8
15. exf7+ Rxf7 16. Ne5 Bh4 17. Nxf7 Bxg3 18. Nxd8 Bxf4 19. Nxc6 Be3+ 20. Kh1
Rxc6 21. Bf3 Rd6 22. Rbe1 d4 23. c4 h6 24. Rxe3 dxe3 25. Re1 Bxd3 26. cxd3 Rxd3
27. h3 Kf7 28. Kh2 Kf6 29. Kg3 Ke5 30. Be2 Ra3 31. Kf3 Kd4 32. Rd1+ Ke5 33.
Rd5+ Ke6 34. Rd3 Rxd3 35. Bxd3 h5 36. h4 a6 37. Kxe3 Ke5 38. a4 a5 39. Bg6 1-0

[Event "Jack Woodbury mem."]
[Site "Winnipeg CAN"]
[Date "2018.12.04"]
[Round "5.5"]
[White "Cleto, Sam"]
[Black "Bince, Rolando"]
[Result "1-0"]
[WhiteElo "1965"]
[BlackElo "1846"]
[PlyCount "87"]
[EventDate "2018.11.06"]
[EventType "swiss"]
[EventRounds "7"]
[EventCountry "CAN"]

1. d4 c5 2. c3 e6 3. Nf3 d5 4. g3 Nf6 5. Bg2 Nc6 6. O-O Be7 7. Be3 O-O 8. dxc5
e5 9. b4 a6 10. Qb3 Ng4 11. a4 Be6 12. Qc2 Nxe3 13. fxe3 Qc7 14. Nbd2 f5 15.
Kh1 Bf6 16. Bh3 g6 17. e4 Qd7 18. exd5 Bxd5 19. Rad1 Qe7 20. e4 fxe4 21. Nxe4
Bc4 22. Rf2 Rad8 23. Rxd8 Rxd8 24. Nfd2 Bd5 25. Bg2 Bg7 26. b5 axb5 27. axb5
Nb8 28. c4 Be6 29. Nd6 b6 30. Nb7 Rd4 31. c6 Bf5 32. Ne4 Qc7 33. c5 Be6 34. Ng5
Rc4 35. Qd2 Rd4 36. Qe2 Bb3 37. Bh3 Rd1+ 38. Rf1 Rxf1+ 39. Qxf1 bxc5 40. Be6+
Bxe6 41. Nxe6 Qc8 42. Qc4 Kh8 43. Nd6 Qg8 44. c7 1-0

[Event "Jack Woodbury mem."]
[Site "Winnipeg CAN"]
[Date "2018.12.04"]
[Round "5.7"]
[White "Czarny, Keith"]
[Black "Pramanik, Projjwal"]
[Result "0-1"]
[WhiteElo "1660"]
[BlackElo "2123"]
[PlyCount "68"]
[EventDate "2018.11.06"]
[EventType "swiss"]
[EventRounds "7"]
[EventCountry "CAN"]

1. Nf3 b6 2. c4 Bb7 3. Nc3 e6 4. g3 f5 5. Bg2 Nf6 6. O-O Be7 7. d3 O-O 8. Bd2
Qc8 9. a3 d6 10. d4 Ne4 11. Rc1 Nd7 12. Rc2 Ndf6 13. Qc1 Qd7 14. Bg5 Nxg5 15.
Qxg5 Rac8 16. Ne5 dxe5 17. Bxb7 exd4 18. Na2 c6 19. Ba6 Ne4 20. Qc1 Nc5 21. Nb4
Nxa6 22. Nxa6 c5 23. b4 Qb7 24. b5 Bd6 25. Qd2 f4 26. Qd3 f3 27. exf3 Rxf3 28.
Qd1 e5 29. Re1 Rxa3 30. Rce2 Rf3 31. Re4 Qf7 32. Qc2 Rf8 33. Rh4 g6 34. Rf1 Rc3
0-1

[Event "Jack Woodbury mem."]
[Site "Winnipeg CAN"]
[Date "2018.12.04"]
[Round "5.8"]
[White "Gregoryanz, Philipp"]
[Black "Green, Jim"]
[Result "0-1"]
[WhiteElo "1594"]
[BlackElo "1907"]
[PlyCount "70"]
[EventDate "2018.11.06"]
[EventType "swiss"]
[EventRounds "7"]
[EventCountry "CAN"]

1. e4 e5 2. Nf3 Nc6 3. Nc3 Nf6 4. Bc4 Bc5 5. d3 O-O 6. Bg5 h6 7. h4 Be7 8. Qd2
Nh7 9. Bxh6 d6 10. Bxg7 Kxg7 11. Ng5 Bxg5 12. hxg5 Be6 13. g6 Ng5 14. f4 exf4
15. Qxf4 fxg6 16. Qe3 Bxc4 17. dxc4 Nf7 18. O-O-O Qg5 19. Qxg5 Nxg5 20. Kb1 Rf2
21. Nd5 Ne6 22. g4 Rg2 23. Rhg1 Rxg1 24. Rxg1 Rf8 25. a3 Rf2 26. c3 Re2 27. b4
Rxe4 28. Kb2 Ne5 29. c5 dxc5 30. bxc5 c6 31. Ne7 Nxc5 32. Nc8 Nc4+ 33. Kc2 Re2+
34. Kc1 Nb3+ 35. Kb1 Nxa3# 0-1

[Event "Jack Woodbury mem."]
[Site "Winnipeg CAN"]
[Date "2018.12.04"]
[Round "5.9"]
[White "Myrzaibraimova, Aibike"]
[Black "Atem, James"]
[Result "0-1"]
[WhiteElo "1419"]
[BlackElo "1760"]
[PlyCount "84"]
[EventDate "2018.11.06"]
[EventType "swiss"]
[EventRounds "7"]
[EventCountry "CAN"]

1. e4 c5 2. Nf3 Nc6 3. Bb5 Qb6 4. Nc3 e6 5. O-O Nd4 6. a4 a6 7. Bc4 Bd6 8. Re1
Qc7 9. h3 Ne7 10. d3 Ng6 11. Be3 Nc6 12. Qe2 O-O 13. d4 cxd4 14. Bxd4 Nxd4 15.
Nxd4 Qb6 16. Nb3 Nf4 17. Qf3 Qc7 18. Bd3 Rb8 19. Nd4 b6 20. Nde2 Nxd3 21. cxd3
Be5 22. Rec1 Qd6 23. Qe3 g6 24. f4 Bg7 25. e5 Qb4 26. b3 b5 27. axb5 axb5 28.
Rd1 Bb7 29. Qd2 Qe7 30. Nxb5 Bxg2 31. Kxg2 Rxb5 32. Rab1 d6 33. d4 dxe5 34.
dxe5 Qb7+ 35. Kh2 Rxb3 36. Qc2 Rxb1 37. Qxb1 Qf3 38. Qd3 Qf2+ 39. Kh1 Rb8 40.
Rd2 Bf8 41. Qd4 Rb1+ 42. Ng1 Rxg1# 0-1

[Event "Jack Woodbury mem."]
[Site "Winnipeg CAN"]
[Date "2018.12.04"]
[Round "5.10"]
[White "Furda, Ievgeniia-Diana"]
[Black "Crawford, Gary"]
[Result "1-0"]
[WhiteElo "1554"]
[BlackElo "1495"]
[PlyCount "87"]
[EventDate "2018.11.06"]
[EventType "swiss"]
[EventRounds "7"]
[EventCountry "CAN"]

1. e4 e5 2. Nf3 Nc6 3. d4 exd4 4. Nxd4 Qe7 5. Nc3 Nxd4 6. Qxd4 d6 7. Be3 c6 8.
Be2 Qe5 9. Qd2 Nf6 10. Bf4 Qa5 11. O-O-O Be6 12. Qe3 Rd8 13. Rd2 Be7 14. Rhd1
d5 15. Bg3 Nxe4 16. Nxe4 Qxa2 17. Nc3 Qa1+ 18. Nb1 Bf6 19. Qa3 Qxa3 20. Nxa3
O-O 21. Re1 Be7 22. Nb1 b5 23. Rdd1 a5 24. Nd2 a4 25. Kb1 Ra8 26. Ka2 b4 27.
Ra1 b3+ 28. cxb3 axb3+ 29. Kxb3 Rac8 30. Ba6 Ra8 31. Bb7 Rxa1 32. Rxa1 c5 33.
Kc2 c4 34. Ra8 Bf6 35. Ra5 Bf5+ 36. Kc1 c3 37. bxc3 Bxc3 38. Rxd5 Be6 39. Rd3
Bf6 40. Ne4 Be7 41. Bd6 Rd8 42. Rd1 Bb3 43. Rd2 f5 44. Bxe7 1-0

[Event "Jack Woodbury mem."]
[Site "Winnipeg CAN"]
[Date "2018.12.04"]
[Round "5.11"]
[White "Piche, Zachary"]
[Black "Magyar, Peter"]
[Result "0-1"]
[WhiteElo "1550"]
[BlackElo "1480"]
[PlyCount "112"]
[EventDate "2018.11.06"]
[EventType "swiss"]
[EventRounds "7"]
[EventCountry "CAN"]

1. Nf3 e6 2. c4 c5 3. g3 Nf6 4. Bg2 d6 5. O-O Be7 6. Nc3 a6 7. e3 O-O 8. d4 Qc7
9. Bd2 Nbd7 10. a3 Rb8 11. Rb1 b6 12. b4 Bb7 13. b5 h6 14. Qc2 cxd4 15. exd4
Qxc4 16. bxa6 Be4 17. Qb3 Bd5 18. Qxc4 Bxc4 19. Rfc1 Bxa6 20. Bf4 Nh5 21. Be3
d5 22. a4 Ba3 23. Re1 Bd3 24. Rb3 Bd6 25. Nb5 Bc4 26. Rbb1 Be7 27. Ne5 Nhf6 28.
Bf4 Ra8 29. Nc6 Bd8 30. Bd6 Re8 31. Ne5 Nxe5 32. dxe5 Ne4 33. Bxe4 dxe4 34.
Rbc1 Rxa4 35. Nc3 Ra6 36. Nxe4 Bd5 37. Nc3 h5 38. Nxd5 exd5 39. Rc8 Ra7 40. e6
fxe6 41. Rb8 Rd7 42. Bf4 Kf7 43. Re5 Bc7 44. Rxe8 Kxe8 45. Rxe6+ Kf7 46. Rc6
Bxf4 47. gxf4 b5 48. Rb6 d4 49. Rxb5 d3 50. Rb1 Kf6 51. Kf1 Kf5 52. Ke1 d2+ 53.
Kd1 Kxf4 54. Rb2 Kf3 55. Rxd2 Rxd2+ 56. Kxd2 Kxf2 0-1

[Event "Jack Woodbury mem."]
[Site "Winnipeg CAN"]
[Date "2018.12.04"]
[Round "5.12"]
[White "Leaden, Bruce"]
[Black "Flynn, Darren"]
[Result "1-0"]
[WhiteElo "1519"]
[BlackElo "1352"]
[PlyCount "103"]
[EventDate "2018.11.06"]
[EventType "swiss"]
[EventRounds "7"]
[EventCountry "CAN"]

1. f4 d5 2. Nf3 e6 3. g3 b6 4. Bg2 Bb7 5. O-O Bc5+ 6. e3 Ne7 7. d4 Bd6 8. Nc3
c5 9. Nb5 O-O 10. Nxd6 Qxd6 11. b3 b5 12. Bb2 Nf5 13. Re1 c4 14. bxc4 bxc4 15.
Qc1 Qc7 16. c3 Nd7 17. Qc2 Nf6 18. Ne5 Nd6 19. Ba3 Rfd8 20. Bxd6 Qxd6 21. Rab1
Rab8 22. Qa4 Qa6 23. Rb4 Qxa4 24. Rxa4 a6 25. Rb1 h6 26. Nxc4 Ne4 27. Bxe4 dxe4
28. Rab4 Rd7 29. Na5 Rc8 30. Rxb7 Rxb7 31. Nxb7 Rxc3 32. Re1 Ra3 33. Re2 Kf8
34. Nd6 Ke7 35. Nxe4 f5 36. Nc5 Kd6 37. Kf2 a5 38. Kf3 Kd5 39. g4 g6 40. h4 h5
41. gxh5 gxh5 42. Nd7 Kd6 43. Nf6 Ke7 44. Nxh5 Kf7 45. Rh2 Kg6 46. Ng3 Kh6 47.
Rd2 a4 48. Ke2 Rc3 49. d5 exd5 50. Nxf5+ Kh5 51. Rxd5 Rc2+ 52. Rd2 1-0

[Event "Jack Woodbury mem."]
[Site "Winnipeg CAN"]
[Date "2018.12.04"]
[Round "5.13"]
[White "Skop, Mike"]
[Black "Gannon, Keith"]
[Result "1-0"]
[WhiteElo "1674"]
[BlackElo "1514"]
[PlyCount "121"]
[EventDate "2018.11.06"]
[EventType "swiss"]
[EventRounds "7"]
[EventCountry "CAN"]

1. c3 c5 2. Na3 Nf6 3. Nc2 e5 4. g3 d5 5. Bg2 e4 6. Nh3 Nc6 7. O-O Bd6 8. f3
O-O 9. fxe4 dxe4 10. d4 cxd4 11. Nxd4 Nxd4 12. Qxd4 Bxh3 13. Bxh3 Be7 14. Be3
Qxd4 15. Bxd4 Rfd8 16. Bf5 b5 17. Bxf6 Bxf6 18. Bxe4 Rab8 19. Rad1 Rxd1 20.
Rxd1 Rd8 21. Rxd8+ Bxd8 22. Kf2 Bb6+ 23. Kf3 a5 24. a3 b4 25. axb4 axb4 26.
cxb4 g6 27. Bd5 Kf8 28. Ke4 Ke7 29. Kd3 f6 30. Kc4 Kd6 31. Bg8 h6 32. Kb5 Kc7
33. Ka6 g5 34. g4 Bg1 35. h3 Bd4 36. b3 Bc3 37. Kb5 Be5 38. Kc5 Bd6+ 39. Kd5
Bxb4 40. Ke6 Bc3 41. Kf5 Kd6 42. Kg6 Ke5 43. Kxh6 Kf4 44. Kg6 Kg3 45. b4 Bxb4
46. Kxf6 Bd2 47. e4 Kxh3 48. Be6 Kg3 49. Kf5 Bf4 50. Bd7 Kh4 51. e5 Bc1 52. e6
Ba3 53. Kf6 Bb2+ 54. Kf7 Ba3 55. e7 Bxe7 56. Kxe7 Kg3 57. Kf6 Kf4 58. Kg6 Ke5
59. Kxg5 Kd6 60. Kf6 Kxd7 61. Kf7 1-0

[Event "Jack Woodbury mem."]
[Site "Winnipeg CAN"]
[Date "2018.12.11"]
[Round "6.1"]
[White "Wiebe, Isaac"]
[Black "Babb, Jeff"]
[Result "1/2-1/2"]
[WhiteElo "2303"]
[BlackElo "2165"]
[PlyCount "102"]
[EventDate "2018.11.06"]
[EventType "swiss"]
[EventRounds "7"]
[EventCountry "CAN"]

1. e4 e5 2. Nf3 Nc6 3. Bb5 a6 4. Ba4 Nf6 5. O-O Nxe4 6. d4 b5 7. Bb3 d5 8. dxe5
Be6 9. Nbd2 Bc5 10. Nxe4 dxe4 11. Ng5 Bxb3 12. cxb3 Qxd1 13. Rxd1 e3 14. Bxe3
Bxe3 15. fxe3 Nxe5 16. Rd5 f6 17. Ne6 c6 18. Rd6 Kf7 19. Rad1 Rhc8 20. Nc5 Ra7
21. h3 a5 22. Kf2 Re7 23. Rd8 Rxd8 24. Rxd8 Ra7 25. Ke2 Ke7 26. Rh8 h6 27. Rg8
Kd6 28. Ne4+ Ke6 29. Rb8 Ke7 30. g4 a4 31. bxa4 Rxa4 32. Rb7+ Kf8 33. Rb8+ Kf7
34. Rb7+ Kg6 35. Nc3 Rb4 36. b3 h5 37. gxh5+ Kxh5 38. Rxg7 Kh6 39. Rg3 f5 40.
Kd2 f4 41. exf4 Rxf4 42. Ne2 Rf6 43. Kc3 c5 44. b4 Ra6 45. bxc5 Rxa2 46. Re3
Ra3+ 47. Kd4 Nf3+ 48. Ke4 Ng5+ 49. Kd4 Nf3+ 50. Ke4 Ng5+ 51. Kd4 Nf3+ 1/2-1/2

[Event "Jack Woodbury mem."]
[Site "Winnipeg CAN"]
[Date "2018.12.11"]
[Round "6.2"]
[White "Cleto, Sam"]
[Black "Baron, Gustav"]
[Result "0-1"]
[WhiteElo "1965"]
[BlackElo "2254"]
[PlyCount "80"]
[EventDate "2018.11.06"]
[EventType "swiss"]
[EventRounds "7"]
[EventCountry "CAN"]

1. d4 Nf6 2. c4 e6 3. Nf3 b6 4. Nc3 Bb7 5. a3 Be7 6. e3 Ne4 7. Nxe4 Bxe4 8. Nd2
Bg6 9. b4 O-O 10. Be2 d5 11. O-O Nd7 12. f4 Nf6 13. Nf3 Ne4 14. Qe1 c5 15. Ne5
Rc8 16. cxd5 Qxd5 17. Bc4 Qd6 18. Ba6 Rc7 19. Bd3 Nf6 20. Bxg6 hxg6 21. dxc5
bxc5 22. b5 Nd5 23. Nc4 Qd8 24. e4 Nb6 25. Ne5 Qd4+ 26. Be3 Qxe4 27. Nc6 Bd6
28. Qf2 Nd5 29. Bxc5 Bxc5 30. Qxc5 Nxf4 31. Rxf4 Qxf4 32. Rf1 Qh6 33. g3 Qh5
34. Qd6 Rb7 35. a4 Qg5 36. Rf4 Re8 37. Ne5 Qd8 38. Qc6 Rc7 39. Qe4 g5 40. Nc6
Rxc6 0-1

[Event "Jack Woodbury mem."]
[Site "Winnipeg CAN"]
[Date "2018.12.11"]
[Round "6.3"]
[White "Wolchock, Theo"]
[Black "Boron, Anthony"]
[Result "1-0"]
[WhiteElo "2172"]
[BlackElo "2016"]
[PlyCount "89"]
[EventDate "2018.11.06"]
[EventType "swiss"]
[EventRounds "7"]
[EventCountry "CAN"]

1. e4 c6 2. d4 d5 3. exd5 cxd5 4. c4 Nf6 5. Nc3 Nc6 6. Bg5 Be6 7. c5 Ne4 8. Be3
Qa5 9. Nge2 g6 10. f3 Nxc3 11. Nxc3 Bg7 12. a3 O-O 13. Bb5 a6 14. Be2 b6 15. b4
Nxb4 16. axb4 Qxb4 17. Qd2 bxc5 18. Ra4 Qb7 19. O-O c4 20. Rb1 Qc7 21. Rab4 a5
22. Rb7 Qc6 23. Bd1 Bc8 24. R7b6 Qd7 25. Ba4 Qf5 26. Bc6 Ra6 27. Bxd5 e5 28.
Be4 Qd7 29. d5 f5 30. Bc2 Rf6 31. Ba4 Qe7 32. Rb8 Rf8 33. Bb5 Raf6 34. Bxc4 Kh8
35. Na4 Qc7 36. Ba2 f4 37. Bc5 Re8 38. R1b7 Qxb7 39. Rxb7 Bxb7 40. d6 Bf8 41.
d7 Rd8 42. Bxf8 Rfxf8 43. Nc5 Bc6 44. Qd6 Bb5 45. Qxe5+ 1-0

[Event "Jack Woodbury mem."]
[Site "Winnipeg CAN"]
[Date "2018.12.11"]
[Round "6.5"]
[White "Green, Jim"]
[Black "Prince, Colin"]
[Result "1/2-1/2"]
[WhiteElo "1907"]
[BlackElo "1878"]
[PlyCount "71"]
[EventDate "2018.11.06"]
[EventType "swiss"]
[EventRounds "7"]
[EventCountry "CAN"]

1. e4 e5 2. Nf3 Nc6 3. d4 exd4 4. Nxd4 Bc5 5. Nxc6 bxc6 6. Bd3 Ne7 7. Nd2 d6 8.
h3 O-O 9. Nf3 f5 10. O-O fxe4 11. Bxe4 Bf5 12. Bd3 Qd7 13. Bxf5 Qxf5 14. Qe2
Rae8 15. Qc4+ Kh8 16. b4 Bb6 17. a4 a5 18. bxa5 Bxa5 19. Bd2 d5 20. Qd3 Qxd3
21. cxd3 Bxd2 22. Nxd2 Ra8 23. a5 Ra6 24. Rfe1 Ng6 25. g3 h5 26. h4 Rf5 27. f4
c5 28. Rec1 c4 29. dxc4 d4 30. c5 Ne7 31. Nb3 Nc6 32. Rd1 Rd5 33. Ra4 d3 34.
Kf2 Ne7 35. Re4 Nc6 36. Ra4 1/2-1/2

[Event "Jack Woodbury mem."]
[Site "Winnipeg CAN"]
[Date "2018.12.11"]
[Round "6.6"]
[White "Rutter, Blair"]
[Black "Atem, James"]
[Result "0-1"]
[WhiteElo "1942"]
[BlackElo "1760"]
[PlyCount "116"]
[EventDate "2018.11.06"]
[EventType "swiss"]
[EventRounds "7"]
[EventCountry "CAN"]

1. c4 e5 2. g3 Nf6 3. Bg2 c6 4. e4 a5 5. Nc3 Na6 6. Nge2 Nc5 7. d3 d6 8. O-O
Be7 9. h3 Be6 10. Be3 Ncd7 11. b3 Qc8 12. d4 Nb8 13. Kh2 Na6 14. Qd2 O-O 15. f4
exd4 16. Nxd4 g6 17. f5 Bd7 18. g4 Qc7 19. Kh1 Rae8 20. Bh6 b6 21. Bxf8 Rxf8
22. Rae1 Rc8 23. Qf2 Nc5 24. Re3 g5 25. Qg3 Kg7 26. Nf3 h6 27. Kg1 Nh7 28. Rd1
f6 29. Ne1 Nf8 30. Nd3 Na6 31. Re2 Be8 32. Bf1 Nd7 33. Red2 Ne5 34. Nxe5 dxe5
35. Kh2 Bb4 36. Rc2 Nc5 37. Qe3 h5 38. Nb1 Nb7 39. Rg2 Bc5 40. Qg3 Nd6 41. Bd3
h4 42. Qf3 b5 43. Qe2 b4 44. Nd2 Bd4 45. c5 Bxc5 46. Nc4 Nb5 47. Rd2 Nd4 48.
Qd1 Bf7 49. Kh1 Nb5 50. Qc2 Bd4 51. Rge2 Bc3 52. Rg2 Nd4 53. Qd1 Bxd2 54. Rxd2
Rd8 55. Bf1 Qa7 56. Kg2 Qc5 57. Bd3 Nb5 58. Qf3 Nd4 {White lost on time} 0-1

[Event "Jack Woodbury mem."]
[Site "Winnipeg CAN"]
[Date "2018.12.11"]
[Round "6.7"]
[White "Bince, Rolando"]
[Black "Furda, Ievgeniia-Diana"]
[Result "1-0"]
[WhiteElo "1846"]
[BlackElo "1554"]
[PlyCount "95"]
[EventDate "2018.11.06"]
[EventType "swiss"]
[EventRounds "7"]
[EventCountry "CAN"]

1. d4 Nf6 2. c4 g6 3. Nc3 Bg7 4. Bg5 d6 5. e4 Nbd7 6. Nf3 O-O 7. Be2 c5 8. O-O
cxd4 9. Nxd4 Nc5 10. Bf3 e6 11. b4 Ncd7 12. Be2 Qc7 13. Rc1 a6 14. Be3 Rd8 15.
Qb3 Nb8 16. Rfd1 Bd7 17. a4 Nc6 18. Nf3 Be8 19. h3 Rac8 20. a5 Qe7 21. Bb6 Rd7
22. b5 axb5 23. Nxb5 Nxe4 24. Na7 Ra8 25. Nxc6 bxc6 26. Qe3 d5 27. c5 Rb7 28.
a6 Rbb8 29. Rc2 e5 30. Nd2 Nf6 31. a7 Rb7 32. Ba6 Rbxa7 33. Bxa7 Rxa7 34. Be2
Bd7 35. g4 d4 36. Qb3 Nd5 37. Qb8+ Bc8 38. Qxc8+ Bf8 39. Ne4 Kg7 40. g5 Rc7 41.
Qg4 Qd7 42. Qxd7 Rxd7 43. Nf6 Nxf6 44. gxf6+ Kxf6 45. Bf3 Rc7 46. Rb1 Bh6 47.
Rb6 Ke6 48. Bxc6 1-0

[Event "Jack Woodbury mem."]
[Site "Winnipeg CAN"]
[Date "2018.12.11"]
[Round "6.8"]
[White "Letain, Cory"]
[Black "Myrzaibraimov, Azamat"]
[Result "0-1"]
[WhiteElo "1691"]
[BlackElo "1440"]
[PlyCount "102"]
[EventDate "2018.11.06"]
[EventType "swiss"]
[EventRounds "7"]
[EventCountry "CAN"]

1. e4 e5 2. Nf3 Nc6 3. Bb5 a6 4. Ba4 Nf6 5. O-O Nxe4 6. d4 Be7 7. Re1 d5 8.
dxe5 Bg4 9. Bxc6+ bxc6 10. Nbd2 Bc5 11. Nxe4 dxe4 12. Qxd8+ Rxd8 13. Ng5 Bf5
14. Be3 Be7 15. Bf4 h6 16. Nxe4 g5 17. Nf6+ Kf8 18. Bg3 Kg7 19. c3 Rd2 20. b3
c5 21. Ne4 Bxe4 22. Rxe4 Rhd8 23. Kf1 Rc2 24. Re2 Rxc3 25. e6 Bd6 26. e7 Re8
27. Bxd6 cxd6 28. Rd1 c4 29. bxc4 Rxc4 30. g3 Rc6 31. Rb1 d5 32. Rb7 Re6 33.
Rd7 Rxe2 34. Kxe2 Kf6 35. Rd6+ Kxe7 36. Rxa6 Kf8+ 37. Kd3 Kg7 38. Kd2 f5 39. a4
f4 40. a5 f3 41. Kd3 Re2 42. Ra7+ Kg6 43. Ra6+ Kh5 44. g4+ Kxg4 45. Rxh6 Rxf2
46. a6 Ra2 47. h3+ Kg3 48. Rg6 f2 49. Rxg5+ Kf4 50. Rg4+ Kf5 51. Ke3 d4+ 0-1

[Event "Jack Woodbury mem."]
[Site "Winnipeg CAN"]
[Date "2018.12.11"]
[Round "6.9"]
[White "Magyar, Peter"]
[Black "Czarny, Keith"]
[Result "0-1"]
[WhiteElo "1480"]
[BlackElo "1660"]
[PlyCount "88"]
[EventDate "2018.11.06"]
[EventType "swiss"]
[EventRounds "7"]
[EventCountry "CAN"]

1. d4 e6 2. Bf4 f5 3. e3 Nf6 4. Be2 b6 5. Nf3 Bb7 6. Nbd2 Be7 7. h3 O-O 8. O-O
c5 9. c3 Nc6 10. Re1 Rc8 11. a3 Nd5 12. Bh2 cxd4 13. cxd4 Nf6 14. Nc4 Ne4 15.
Rc1 Bh4 16. Nxh4 Qxh4 17. Rf1 Ne7 18. Ne5 Rxc1 19. Qxc1 Rc8 20. Qe1 Rd8 21. Nf3
Qf6 22. Be5 Qf7 23. Bh2 Ng6 24. Qd1 d6 25. h4 Qe7 26. h5 Nf8 27. Nd2 Nxd2 28.
Qxd2 e5 29. Rc1 f4 30. exf4 exd4 31. Re1 Qf6 32. Bd3 Bd5 33. Qc2 Qf7 34. Qd1
Ne6 35. Qg4 Nc5 36. Bf5 Re8 37. Bg3 Rxe1+ 38. Kh2 d3 39. Bxd3 Nxd3 40. f3 Re8
41. f5 Ne5 42. Qd4 Qxh5+ 43. Kg1 Qxf3 44. Bxe5 Qxg2# 0-1

[Event "Jack Woodbury mem."]
[Site "Winnipeg CAN"]
[Date "2018.12.11"]
[Round "6.11"]
[White "Crawford, Gary"]
[Black "Gregoryanz, Philipp"]
[Result "1/2-1/2"]
[WhiteElo "1495"]
[BlackElo "1594"]
[PlyCount "76"]
[EventDate "2018.11.06"]
[EventType "swiss"]
[EventRounds "7"]
[EventCountry "CAN"]

1. e4 e5 2. Nf3 Nc6 3. Bb5 Nd4 4. Nxd4 exd4 5. O-O Bc5 6. c3 c6 7. Bd3 Ne7 8.
b4 Bb6 9. a4 dxc3 10. Nxc3 O-O 11. Bb2 d5 12. Qc2 dxe4 13. Nxe4 Ng6 14. Qc3 f6
15. Ng5 Bc7 16. Bc4+ Kh8 17. Nf7+ Rxf7 18. Bxf7 Be5 19. Qc2 Bxh2+ 20. Kxh2 Qc7+
21. Kg1 Qxf7 22. g3 Bh3 23. Qe4 Bxf1 24. Rxf1 Re8 25. Qc2 Ne5 26. Bxe5 fxe5 27.
Re1 Qf8 28. Qc3 e4 29. Qd4 b6 30. Rxe4 Rxe4 31. Qxe4 h6 32. Qxc6 Qxb4 33. Qa8+
Kh7 34. Qxa7 Qxd2 35. Qxb6 Qd1+ 36. Kh2 Qxa4 37. Qb1+ Kg8 38. Qg6 Qa7 1/2-1/2

[Event "Jack Woodbury mem."]
[Site "Winnipeg CAN"]
[Date "2018.12.11"]
[Round "6.12"]
[White "Leaden, Bruce"]
[Black "Skop, Mike"]
[Result "1-0"]
[WhiteElo "1519"]
[BlackElo "1674"]
[PlyCount "30"]
[EventDate "2018.11.06"]
[EventType "swiss"]
[EventRounds "7"]
[EventCountry "CAN"]

1. f4 c6 2. Nf3 Na6 3. Nc3 g6 4. e4 Nc7 5. Bc4 Bg7 6. O-O Nh6 7. f5 d5 8. exd5
cxd5 9. Bb5+ Nxb5 10. Nxb5 Qb6+ 11. d4 Qxb5 12. f6 exf6 13. a4 Qc6 14. b4 O-O
15. b5 Qc4 1-0

[Event "Jack Woodbury mem."]
[Site "Winnipeg CAN"]
[Date "2018.12.11"]
[Round "6.13"]
[White "Piche, Zachary"]
[Black "Myrzaibraimova, Aibike"]
[Result "1-0"]
[WhiteElo "1550"]
[BlackElo "1419"]
[PlyCount "39"]
[EventDate "2018.11.06"]
[EventType "swiss"]
[EventRounds "7"]
[EventCountry "CAN"]

1. Nf3 d5 2. c4 Nf6 3. cxd5 Qxd5 4. Nc3 Qa5 5. d4 Bf5 6. g3 e6 7. Bg2 Bd6 8.
O-O O-O 9. Bd2 Nbd7 10. e4 Bg4 11. e5 Nxe5 12. dxe5 Bxe5 13. h3 Bxf3 14. Bxf3
Qb6 15. Qc2 Bxg3 16. Be3 Qd6 17. fxg3 Qxg3+ 18. Qg2 Qe5 19. Rfe1 Rfd8 20. Bxb7
1-0

[Event "Jack Woodbury mem."]
[Site "Winnipeg CAN"]
[Date "2018.12.11"]
[Round "6.14"]
[White "Gannon, Keith"]
[Black "Ott, Richard"]
[Result "1-0"]
[WhiteElo "1514"]
[BlackElo "1520"]
[PlyCount "80"]
[EventDate "2018.11.06"]
[EventType "swiss"]
[EventRounds "7"]
[EventCountry "CAN"]

1. e4 c5 2. Nf3 d6 3. d4 cxd4 4. Nxd4 Nf6 5. Nc3 g6 6. Be2 Bg7 7. O-O O-O 8.
Re1 Nc6 9. Nxc6 bxc6 10. a3 Qc7 11. Rb1 Bb7 12. b4 Ne8 13. Bb2 Rb8 14. Qd2 a5
15. Na2 axb4 16. axb4 Nf6 17. Bd3 Ra8 18. Nc3 Rab8 19. Na2 d5 20. exd5 Ng4 21.
g3 e6 22. Bxg7 Kxg7 23. Qc3+ Kg8 24. h3 Nh6 25. dxc6 Qxc6 26. Qxc6 Bxc6 27. b5
Bb7 28. c4 Rfd8 29. Nb4 Nf5 30. Bxf5 gxf5 31. Red1 Bf3 32. Rxd8+ Rxd8 33. b6
Rc8 34. Rc1 h5 35. h4 Rc5 36. Na6 Re5 37. Nc7 Rc5 38. Nb5 f4 39. Nd6 fxg3 40.
fxg3 Rc6 1-0

[Event "Jack Woodbury mem."]
[Site "Winnipeg CAN"]
[Date "2018.12.11"]
[Round "6.15"]
[White "Trueman, Francis"]
[Black "Flynn, Darren"]
[Result "1-0"]
[WhiteElo "1381"]
[BlackElo "1326"]
[PlyCount "81"]
[EventDate "2018.11.06"]
[EventType "swiss"]
[EventRounds "7"]
[EventCountry "CAN"]

1. Nf3 d5 2. d3 Nf6 3. Nbd2 e6 4. g3 Be7 5. Bg2 O-O 6. O-O c5 7. a4 Nc6 8. Re1
Bd7 9. e4 a6 10. e5 Ng4 11. Nf1 Qc7 12. Bf4 b5 13. c3 Qd8 14. h3 Nh6 15. Bxh6
gxh6 16. N3h2 h5 17. h4 f6 18. exf6 Bxf6 19. Nd2 Kf7 20. Qxh5+ Ke7 21. Bxd5 Kd6
22. Bg2 Qe7 23. Ne4+ Kc7 24. Nxc5 Ne5 25. Nxd7 Qxd7 26. Bxa8 Rxa8 27. Rxe5 Bxe5
28. Qxe5+ Kb6 29. axb5 Qxb5 30. Qxb5+ Kxb5 31. b4 Rd8 32. Ra5+ Kb6 33. d4 Rc8
34. Rc5 Rxc5 35. dxc5+ Kb5 36. Nf3 a5 37. bxa5 Kxa5 38. Nd4 e5 39. Nc6+ Kb5 40.
Nxe5 Kxc5 41. f4 1-0